000 00821nas a2200289 4500
001 BR2011002127
003 BR-BrBNA
005 20231205114557.0
007 ta
008 230509b bl.|||p| |||| 00| 00por d
040 _aBR-BrBNA
_bpor
_cBiblioteca Nacional de Agricultura
041 _a(En)
072 _aQ70
100 1 _aTedesco, M.J.
100 1 _aLauschner, M.H.
100 1 _aGianello, C.
100 1 _aBortolon, L.
100 1 _aKray, C.H.
245 1 _aLand disposal potential of tobacco processing residues
650 _aFUMO
650 _aRESÍDUO AGRÍCOLA
650 _aINDÚSTRIA AGRÍCOLA
650 _aRECICLAGEM
773 0 _tCiência Rural (Brazil)
_xISSN 0103-8478
_g(Feb 2011), v. 41(2) p. 236-241
_wBR2011002127
909 _a202311
_bLúcia
_c55
_dLúcia Elande
942 _2AGRIS
_n0
_cANA
999 _c209406
_d209406